Music Quiz

Random Music or Song Quiz

Taylor Swift Songs Quiz Stats

 Plays Quiz not verified by Sporcle

Score 0/10 Timer 10:00
0 Plays Today
Lyrics Finish the lyrics % Correct
Oh darlin' don't youever grow up
88.5%
Now i'm standing alone, in a crowded room andwere not speaking
86.9%
Drop everything now, meet me in the pouring rain,kiss me on the sidewalk
86.9%
Please don't be in love with someone else, please don't havesomebody waiting on you
83.6%
But someday i'll be living in a big old city
82%
Come on, come on, don't leave me like thisi thought i had you figured out
82%
She took him faster thanyou can say sabotage
75.4%
Don't say yes, run away now,ill meet you when youre out
62.3%
Who you are is not what you did, your still an innocent
34.4%
Dear John, I see it all now that your gone, don'tyou think i was to young to be messed with
14.8%

You're not logged in!

Compare scores with friends on all Sporcle quizzes.
OR
Log In

Show Comments

Extras

Top Quizzes Today


Score Distribution

Your Account Isn't Verified!

In order to create a playlist on Sporcle, you need to verify the email address you used during registration. Go to your Sporcle Settings to finish the process.

Report this User

Report this user for behavior that violates our Community Guidelines.

Details: